000 00822nam a22002897a 4500
001 0007618
003 KOHA_MİRAKIL
005 20260207001604.0
007 ta
008 090929b1989 enk |||gr||||#||||0|eng |
020 _a0340414766
040 _aTR-BiSEU
_btur
_cTR-BiSEU
_erda
041 0 _aeng
044 _cenk
050 _aTA403
_b.H54 1989
100 1 _aHiggins, Raymond Aurelius.
245 1 _aMaterials for engineering technician/
_cRaymond Aurelius Higgins ; Raymond Aurelius Higgins.
250 _a2. bs.
264 1 _aLondon :
_bEdward Arnold, c1987
_c1989
300 _av, 407 sayfa: tablo, resimli
336 _ametin
_btxt
_2rdacontent
337 _aaracısız
_bn
_2rdamedia
338 _acilt
_bnc
_2rdacarrier
500 _aDizin var.
650 0 _aMalzemeler.
_91661
942 _2lcc
_cBK
999 _c7595
_d7595